000 00712cam a22001934a 4500
005 20250605164016.0
008 250528s ||||||||||||||||||||||||d
035 _a16177
020 _a435687255
040 _aGR-AtMCL
_bgre
_dGR-AtMCL
_eAACR2
245 1 _aComprehension and Experimental Analysis in 'A' Level Physics
260 _bHeinemann Educational Books,
_c1973
300 _a138
520 _aPreface, Comprehension, Heat, Vibrations and Waves and Sound, Light, Electricity and Magnetism, Experimental Analysis, A Selection of A-Level Questions Using Graphical Techniques, Exercises in Experimental Analysis.
700 1 _aPope Jean A
_92231
942 _cBK
999 _c1711
_d1711